000 00202 a2200109 4500
020 _a9780021780068
041 _aspa
100 _aacosta,maria
245 _apuerta del sol
942 _cBK
952 _71
999 _c18231
_d18231